Diecezje w Polsce (z mapą) - Statystyki

Ogólne statystyki
  • Ten quiz został rozwiązany 30 razy
  • Średni wynik to 22 z 41
Odpowiedzi na mapie
Odpowiedzi zakodowano w zielono-czerwonej skali na mapie do tego quizu, zgodnie z poniższymi procentami.
 
Statystyki odpowiedzi
Odpowiedź % Poprawnych
Białostocka
59%
drohiczyńska
59%
ełcka
59%
legnicka
59%
łomżyńska
59%
sandomierska
59%
siedlecka
59%
warmińska
59%
warszawska
59%
wrocławska
59%
zielonogórsko-gorzowska
59%
bielsko-żywiecka
56%
gdańska
56%
kielecka
56%
krakowska
56%
łódzka
56%
łowicka
56%
lubelska
56%
opolska
56%
poznańska
56%
przemyska
56%
radomska
56%
świdnicka
56%
tarnowska
56%
częstochowska
52%
elbląska
52%
gliwicka
52%
kaliska
52%
katowicka
52%
koszalińsko-kołobrzeska
52%
płocka
52%
rzeszowska
52%
sosnowiecka
52%
szczecińsko-kamieńska
52%
toruńska
52%
zamojsko-lubaczowska
52%
bydgoska
48%
gnieźnieńska
48%
pelplińska
48%
włocławska
48%
warszawsko-praska
41%
Nie znaleziono quizów pasujących do podanych kryteriów
Rozkład punktacji
Procent ludzi z każdym wynikiem
Percentyl według liczby udzielonych odpowiedzi
Twoja historia wyników
Nie rozwiązałeś tego quizu